[Event "Madrid ch 2001-2002 Final"]
[Site "Madrid ESP"]
[Date "2002.04.19"]
[Round "5.5"]
[White "Estrada Martinez, Cesar"]
[Black "Lopez Melgar, Enrique"]
[Result "1-0"]
[WhiteElo "2186"]
[BlackElo "2193"]
[PlyCount "91"]
[EventDate "2002.04.15"]
[EventType "tourn"]
[EventRounds "11"]
[EventCountry "ESP"]
[Source "lmi"]
[SourceDate "2002.04.15"]

1. e4 c5 2. Nf3 Nc6 3. d4 cxd4 4. Nxd4 Nf6 5. Nc3 e5 6. Ndb5 d6 7. Nd5 Nxd5 8.
exd5 Nb8 9. c4 Be7 10. Be2 O-O 11. O-O a6 12. Nc3 f5 13. f4 Bf6 14. Kh1 Nd7 15.
Be3 exf4 16. Bxf4 Be5 17. Qd2 b6 18. Rac1 Qh4 19. g3 Qe7 20. Rce1 Bb7 21. Bd3
g6 22. h3 Rac8 23. Kh2 Qf6 24. Bg5 Qf7 25. Ne2 b5 26. b3 bxc4 27. bxc4 Nc5 28.
Bc2 Qd7 29. Nd4 Rfe8 30. h4 Qg7 31. Ne2 Nd7 32. Bd3 Rb8 33. Rb1 Bd4 34. Bxf5
Bg1+ 35. Kxg1 gxf5 36. Rxf5 Ne5 37. Bf6 Qg6 38. Qf4 h6 39. Bxe5 Rxe5 40. Rf1
Rxf5 41. Qxf5 Qxf5 42. Rxf5 Kg7 43. Rf3 Rc8 44. Rf4 a5 45. Nd4 Ba6 46. Nf5+ 1-0

[Event "Madrid ch 2001-2002 Final"]
[Site "Madrid ESP"]
[Date "2002.04.19"]
[Round "5.6"]
[White "Lopez de Turiso, Jose Angel"]
[Black "Solaesa Navalpotro, Luis Julio"]
[Result "1/2-1/2"]
[WhiteElo "2115"]
[BlackElo "2176"]
[PlyCount "59"]
[EventDate "2002.04.15"]
[EventType "tourn"]
[EventRounds "11"]
[EventCountry "ESP"]
[Source "lmi"]
[SourceDate "2002.04.15"]

1. d4 Nf6 2. c4 c5 3. Nf3 cxd4 4. Nxd4 e5 5. Nb5 d5 6. cxd5 Bc5 7. e3 O-O 8.
N5c3 e4 9. a3 Qe7 10. b4 Bd6 11. Bb2 Rd8 12. Nd2 Be5 13. Qb3 Bf5 14. Rd1 Bxc3
15. Qxc3 Rxd5 16. Bc4 Rd8 17. O-O Nbd7 18. Rfe1 Rac8 19. Qb3 Nb6 20. Be2 Be6
21. Bxf6 Qxf6 22. Qb1 Bf5 23. Nxe4 Qg6 24. Rxd8+ Rxd8 25. Bd3 h5 26. Nf6+ Qxf6
27. Bxf5 Nc4 28. Bd3 Nb2 29. Be4 Nc4 30. Qc1 1/2-1/2

[Event "Madrid ch 2001-2002 Final"]
[Site "Madrid ESP"]
[Date "2002.04.20"]
[Round "6.1"]
[White "Rodriguez Cordon, Luis Jose"]
[Black "Solaesa Navalpotro, Luis Julio"]
[Result "1/2-1/2"]
[WhiteElo "2165"]
[BlackElo "2176"]
[PlyCount "127"]
[EventDate "2002.04.15"]
[EventType "tourn"]
[EventRounds "11"]
[EventCountry "ESP"]
[Source "lmi"]
[SourceDate "2002.04.15"]

1. d4 Nf6 2. c4 c5 3. d5 b5 4. cxb5 a6 5. b6 e6 6. Nc3 Nxd5 7. Nxd5 exd5 8.
Qxd5 Nc6 9. Nf3 Qxb6 10. g3 Be7 11. Bg2 O-O 12. O-O Ra7 13. Nd2 Nd4 14. e4 d6
15. Nc4 Qb8 16. Qh5 Nc2 17. Rb1 Be6 18. Na5 Qb5 19. Nb3 Bc4 20. Qd1 Nb4 21. Re1
Nxa2 22. Re3 Rb8 23. Nd2 Be6 24. Bf1 Qb4 25. Ra3 a5 26. Ra4 Qb7 27. Bg2 Nxc1
28. Qxc1 Bd7 29. Ra3 a4 30. b3 Qc7 31. bxa4 Rxa4 32. Rba1 Rxa3 33. Rxa3 Bf6 34.
Nc4 Bd4 35. Ra2 Be6 36. Rc2 Rb4 37. Bf1 d5 38. exd5 Bxd5 39. Ne3 Bb7 40. Qd2
Qe5 41. Bg2 Rb1+ 42. Rc1 Rxc1+ 43. Qxc1 Bxe3 44. fxe3 Bxg2 45. Kxg2 Qe4+ 46.
Kf2 c4 47. Qd2 h5 48. h4 Kh7 49. Qc3 Kg6 50. Qd2 f6 51. Qc3 Kf5 52. Qb2 Qd3 53.
Qb7 c3 54. Qxg7 Qd2+ 55. Kf3 Qd1+ 56. Kf2 c2 57. Qh7+ Ke5 58. Qe7+ Kd5 59. Qd7+
Kc4 60. Qc6+ Kb3 61. Qb5+ Ka2 62. Qa4+ Kb1 63. Qb3+ Kc1 64. Qa3+ 1/2-1/2

[Event "Madrid ch 2001-2002 Final"]
[Site "Madrid ESP"]
[Date "2002.04.20"]
[Round "6.3"]
[White "Roa Alonso, Santiago"]
[Black "Estrada Martinez, Cesar"]
[Result "1-0"]
[WhiteElo "2415"]
[BlackElo "2186"]
[PlyCount "63"]
[EventDate "2002.04.15"]
[EventType "tourn"]
[EventRounds "11"]
[EventCountry "ESP"]
[Source "lmi"]
[SourceDate "2002.04.15"]

1. e4 c5 2. c3 d6 3. Nf3 Nf6 4. Bd3 g6 5. O-O Bg7 6. Bc2 Bg4 7. h3 Bxf3 8. Qxf3
Nc6 9. Qe2 O-O 10. a4 d5 11. d3 e5 12. Bg5 h6 13. Bxf6 Bxf6 14. Bb3 d4 15. Na3
dxc3 16. bxc3 Bg7 17. Bd5 Qd7 18. Qb2 Rac8 19. Qb5 b6 20. a5 bxa5 21. Nc4 Rfd8
22. Rfb1 Ne7 23. Ne3 Nxd5 24. Nxd5 f5 25. Qa6 Kh7 26. Rb7 Qd6 27. Qxa7 Rg8 28.
Rxa5 c4 29. Ra6 Qc5 30. Rxg7+ Rxg7 31. Nf6+ Kh8 32. Qxc5 1-0

[Event "Madrid ch 2001-2002 Final"]
[Site "Madrid ESP"]
[Date "2002.04.20"]
[Round "6.4"]
[White "Ballesteros Gonzalez, David"]
[Black "Moreno Ruiz, Javier"]
[Result "1-0"]
[WhiteElo "2277"]
[BlackElo "2415"]
[PlyCount "67"]
[EventDate "2002.04.15"]
[EventType "tourn"]
[EventRounds "11"]
[EventCountry "ESP"]
[Source "lmi"]
[SourceDate "2002.04.15"]

1. d4 Nf6 2. c4 g6 3. Nc3 Bg7 4. e4 d6 5. Nf3 O-O 6. Be2 Na6 7. h3 e5 8. dxe5
dxe5 9. Qxd8 Rxd8 10. Be3 c6 11. O-O Re8 12. Rfd1 Bf8 13. a3 Nc5 14. Bxc5 Bxc5
15. b4 Bf8 16. c5 b6 17. b5 Bb7 18. cxb6 axb6 19. a4 Bc5 20. Bc4 cxb5 21. Bxb5
Rec8 22. Ra2 Bb4 23. Nd5 Nxd5 24. exd5 Rc5 25. Rb2 Bc3 26. Rc2 Rd8 27. Rdc1 Bb4
28. Rxc5 Bxc5 29. Bc6 Bxc6 30. dxc6 e4 31. Ng5 e3 32. Kf1 exf2 33. Ne4 Be3 34.
c7 1-0

[Event "Madrid ch 2001-2002 Final"]
[Site "Madrid ESP"]
[Date "2002.04.20"]
[Round "6.5"]
[White "Barez Menendez, Hector"]
[Black "Morales, John Alexander"]
[Result "1/2-1/2"]
[WhiteElo "2198"]
[BlackElo "2310"]
[PlyCount "81"]
[EventDate "2002.04.15"]
[EventType "tourn"]
[EventRounds "11"]
[EventCountry "ESP"]
[Source "lmi"]
[SourceDate "2002.04.15"]

1. Nf3 Nf6 2. c4 c5 3. g3 b6 4. Bg2 Bb7 5. O-O g6 6. d4 cxd4 7. Nxd4 Bxg2 8.
Kxg2 Bg7 9. Nc3 Qc7 10. b3 O-O 11. Bb2 Qb7+ 12. Nf3 d6 13. Kg1 Nbd7 14. Qd2
Rac8 15. Rad1 Rc5 16. Ne1 Re8 17. Nd3 Rh5 18. f3 Bh6 19. e3 Ne5 20. Qe2 Nxd3
21. Rxd3 a6 22. Qg2 Rc5 23. Na4 Rc6 24. Bxf6 exf6 25. f4 Qc8 26. Nc3 f5 27. Nd5
Re6 28. Rfd1 Bg7 29. Nb4 Rc7 30. Rxd6 Rxd6 31. Rxd6 Bf8 32. Rxb6 Bc5 33. Nd5
Bxb6 34. Nxb6 Qe6 35. Nd5 Rc8 36. Qb2 Rc6 37. Qd4 f6 38. Qa7 Rd6 39. Qc5 Kf7
40. Qa7+ Rd7 41. Qd4 1/2-1/2

[Event "Madrid ch 2001-2002 Final"]
[Site "Madrid ESP"]
[Date "2002.04.20"]
[Round "6.6"]
[White "Cortes Jurado, Rafael"]
[Black "Paredes Sanchez, Juan"]
[Result "0-1"]
[WhiteElo "2142"]
[BlackElo "2052"]
[PlyCount "48"]
[EventDate "2002.04.15"]
[EventType "tourn"]
[EventRounds "11"]
[EventCountry "ESP"]
[Source "lmi"]
[SourceDate "2002.04.15"]

1. e4 c5 2. c3 Nf6 3. e5 Nd5 4. d4 cxd4 5. Nf3 e6 6. cxd4 b6 7. Bd3 Bb4+ 8. Bd2
Bxd2+ 9. Qxd2 Ba6 10. Bxa6 Nxa6 11. Na3 O-O 12. Nc4 f6 13. Nd6 Nac7 14. O-O Qe7
15. Rac1 fxe5 16. dxe5 Ne8 17. Ne4 Qf7 18. Rc4 Qg6 19. Rfc1 Rxf3 20. Rd4 Nec7
21. Rcc4 Rff8 22. Nf6+ Nxf6 23. exf6 Nd5 24. fxg7 Rfc8 0-1

[Event "Madrid ch 2001-2002 Final"]
[Site "Madrid ESP"]
[Date "2002.04.22"]
[Round "7.1"]
[White "Paredes Sanchez, Juan"]
[Black "Rodriguez Cordon, Luis Jose"]
[Result "0-1"]
[WhiteElo "2052"]
[BlackElo "2165"]
[PlyCount "80"]
[EventDate "2002.04.15"]
[EventType "tourn"]
[EventRounds "11"]
[EventCountry "ESP"]
[Source "lmi"]
[SourceDate "2002.04.15"]

1. e4 c5 2. Nf3 Nc6 3. Nc3 g6 4. d4 cxd4 5. Nxd4 Bg7 6. Be3 Nf6 7. Bc4 Qa5 8.
O-O O-O 9. Nb3 Qc7 10. f4 d6 11. Be2 b6 12. Nd5 Nxd5 13. exd5 Na5 14. Nxa5 bxa5
15. c3 Rb8 16. Rb1 Bd7 17. Bd4 Bxd4+ 18. Qxd4 Qb6 19. Rfd1 Rfc8 20. Kf2 Qxd4+
21. Rxd4 Rxc3 22. bxc3 Rxb1 23. Rd2 a4 24. Bd3 Rb6 25. Ke3 Kg7 26. Kd4 Kf6 27.
Re2 a3 28. c4 Rb2 29. Kc3 Bf5 30. g3 h5 31. h3 Rxe2 32. Bxe2 Bxh3 33. Kb3 Kf5
34. Kxa3 h4 35. gxh4 Bg4 36. Bd3+ Kxf4 37. Kb4 Ke3 38. Bf1 f5 39. Kb5 f4 40.
Ka6 Be2 0-1

[Event "Madrid ch 2001-2002 Final"]
[Site "Madrid ESP"]
[Date "2002.04.22"]
[Round "7.2"]
[White "Morales, John Alexander"]
[Black "Cortes Jurado, Rafael"]
[Result "1-0"]
[WhiteElo "2310"]
[BlackElo "2142"]
[PlyCount "63"]
[EventDate "2002.04.15"]
[EventType "tourn"]
[EventRounds "11"]
[EventCountry "ESP"]
[Source "lmi"]
[SourceDate "2002.04.15"]

1. e4 c5 2. Nf3 e6 3. d4 cxd4 4. Nxd4 Nf6 5. Nc3 Nc6 6. g3 Bb4 7. Bg2 d5 8.
exd5 Nxd5 9. O-O Nxc3 10. bxc3 Bxc3 11. Nxc6 bxc6 12. Bxc6+ Bd7 13. Qf3 Bxa1
14. Bxd7+ Qxd7 15. Qxa8+ Qd8 16. Qb7 Qd7 17. Qb1 Be5 18. Ba3 Qa4 19. Qb7 Qxa3
20. Qc8+ Ke7 21. Qxh8 Qxa2 22. Rd1 Bd4 23. Qxh7 f5 24. Qh4+ Bf6 25. Qb4+ Kf7
26. Qb3 Qa6 27. c4 Qc6 28. Qb5 Qe4 29. Qd7+ Kg6 30. c5 f4 31. Qd3 Qxd3 32. Rxd3
1-0

[Event "Madrid ch 2001-2002 Final"]
[Site "Madrid ESP"]
[Date "2002.04.22"]
[Round "7.3"]
[White "Moreno Ruiz, Javier"]
[Black "Barez Menendez, Hector"]
[Result "1-0"]
[WhiteElo "2415"]
[BlackElo "2198"]
[PlyCount "61"]
[EventDate "2002.04.15"]
[EventType "tourn"]
[EventRounds "11"]
[EventCountry "ESP"]
[Source "lmi"]
[SourceDate "2002.04.15"]

1. d4 d5 2. c4 e6 3. Nc3 Nf6 4. cxd5 exd5 5. Bg5 c6 6. Qc2 Na6 7. a3 Nc7 8. e3
Ne6 9. Bh4 g6 10. Bd3 Be7 11. Nge2 Ng7 12. f3 Nf5 13. Bf2 c5 14. g4 Nxe3 15.
Bxe3 c4 16. Bh6 cxd3 17. Qxd3 Be6 18. Nf4 Bxg4 19. Bg7 Bf5 20. Qe3 Qb6 21. Bxh8
O-O-O 22. Bxf6 Bxf6 23. Ncxd5 Bh4+ 24. Kd1 Qa6 25. Rc1+ Kb8 26. Qe5+ Rd6 27.
Rc3 Qa4+ 28. Kc1 Qd7 29. Rc7 Qd8 30. Rxf7 Qc8+ 31. Nc3 1-0

[Event "Madrid ch 2001-2002 Final"]
[Site "Madrid ESP"]
[Date "2002.04.22"]
[Round "7.4"]
[White "Estrada Martinez, Cesar"]
[Black "Ballesteros Gonzalez, David"]
[Result "1-0"]
[WhiteElo "2186"]
[BlackElo "2277"]
[PlyCount "83"]
[EventDate "2002.04.15"]
[EventType "tourn"]
[EventRounds "11"]
[EventCountry "ESP"]
[Source "lmi"]
[SourceDate "2002.04.15"]

1. c4 Nf6 2. Nf3 g6 3. Nc3 Bg7 4. d4 O-O 5. Bf4 d6 6. e3 Nh5 7. Bg5 h6 8. Bh4
g5 9. Nd2 Nf6 10. Bg3 c5 11. d5 Bf5 12. Be2 Nbd7 13. O-O Ne5 14. e4 Bg4 15. f4
Bxe2 16. Qxe2 gxf4 17. Bxf4 Ng6 18. Bg3 Kh7 19. Nf3 Nd7 20. Nd1 Nde5 21. Ne3 e6
22. Rad1 Nxf3+ 23. Rxf3 Bd4 24. Kh1 Kg7 25. Rdf1 Qe7 26. Qd2 Bxe3 27. Rxe3 e5
28. Ref3 Qg5 29. Qe2 Rae8 30. Rf5 Qd8 31. Qg4 Qd7 32. h4 Kh8 33. Qf3 Kg8 34. h5
Nh8 35. Bh4 Kh7 36. Bf6 Re7 37. Bxe7 Qxe7 38. Rf6 Rg8 39. Qf5+ Kg7 40. Rf3 Kf8
41. Qc8+ Kg7 42. Rg3+ 1-0

[Event "Madrid ch 2001-2002 Final"]
[Site "Madrid ESP"]
[Date "2002.04.22"]
[Round "7.5"]
[White "Lopez de Turiso, Jose Angel"]
[Black "Roa Alonso, Santiago"]
[Result "1-0"]
[WhiteElo "2115"]
[BlackElo "2415"]
[PlyCount "73"]
[EventDate "2002.04.15"]
[EventType "tourn"]
[EventRounds "11"]
[EventCountry "ESP"]
[Source "lmi"]
[SourceDate "2002.04.15"]

1. e4 c6 2. c4 e5 3. Nc3 Nf6 4. Nf3 d6 5. d4 Nbd7 6. Be2 Be7 7. O-O O-O 8. h3
Re8 9. Be3 exd4 10. Bxd4 Bf8 11. Qc2 Nc5 12. Bxc5 dxc5 13. Bd3 g6 14. Rad1 Nd7
15. e5 Qc7 16. e6 Rxe6 17. Ng5 Re7 18. f4 Bh6 19. Qf2 Nf6 20. Qh4 Bg7 21. Nce4
h5 22. f5 Qe5 23. fxg6 fxg6 24. Nf3 Qe6 25. Nfg5 Qe5 26. Nf3 Qe6 27. Rde1 Qf7
28. Nfg5 Qf8 29. Nxf6+ Bxf6 30. Bxg6 Rxe1 31. Rxe1 Bf5 32. Qxh5 Bxg6 33. Qxg6+
Qg7 34. Re8+ Rxe8 35. Qxe8+ Qf8 36. Qxf8+ Kxf8 37. Nh7+ 1-0

[Event "Madrid ch 2001-2002 Final"]
[Site "Madrid ESP"]
[Date "2002.04.22"]
[Round "7.6"]
[White "Solaesa Navalpotro, Luis Julio"]
[Black "Lopez Melgar, Enrique"]
[Result "1-0"]
[WhiteElo "2176"]
[BlackElo "2193"]
[PlyCount "63"]
[EventDate "2002.04.15"]
[EventType "tourn"]
[EventRounds "11"]
[EventCountry "ESP"]
[Source "lmi"]
[SourceDate "2002.04.15"]

1. d4 f5 2. Bg5 h6 3. Bh4 g5 4. e4 Nf6 5. e5 e6 6. exf6 Qxf6 7. Bg3 f4 8. Nf3
d6 9. c3 Bd7 10. Qb3 b6 11. Nbd2 fxg3 12. hxg3 Bg7 13. Bd3 Nc6 14. a4 a6 15.
Nc4 Ne7 16. Qc2 Bc6 17. Ne3 h5 18. Be4 Kd7 19. O-O-O Bxe4 20. Qxe4 Ng6 21. Rxh5
Rxh5 22. Qxa8 a5 23. Qe4 Rh8 24. Qg4 Bh6 25. Rh1 Ne7 26. d5 Ng6 27. Nd4 Nf8 28.
dxe6+ Nxe6 29. Re1 Re8 30. Nd5 Qf7 31. Nxe6 Rxe6 32. Nxc7 1-0

[Event "Madrid ch 2001-2002 Final"]
[Site "Madrid ESP"]
[Date "2002.04.23"]
[Round "8.1"]
[White "Rodriguez Cordon, Luis Jose"]
[Black "Lopez Melgar, Enrique"]
[Result "1-0"]
[WhiteElo "2165"]
[BlackElo "2193"]
[PlyCount "81"]
[EventDate "2002.04.15"]
[EventType "tourn"]
[EventRounds "11"]
[EventCountry "ESP"]
[Source "lmi"]
[SourceDate "2002.04.15"]

1. d4 f5 2. Qd3 d5 3. Nf3 g6 4. g3 Bg7 5. Bg2 Nf6 6. O-O O-O 7. c4 e6 8. Bf4 c6
9. Nbd2 Nbd7 10. Rfc1 Ne4 11. Qe3 Qe7 12. Bh6 Ndf6 13. Bxg7 Qxg7 14. Ne5 Nxd2
15. Qxd2 Nd7 16. Nf3 h6 17. e3 Nb6 18. b3 g5 19. a4 Nd7 20. Ne1 h5 21. Nd3 Rf6
22. Rc2 Nf8 23. Rac1 Bd7 24. Qb4 Be8 25. a5 Ng6 26. Nc5 Rb8 27. Nxe6 Rxe6 28.
cxd5 Qe7 29. Rc4 Rf6 30. a6 Kh8 31. dxc6 Bxc6 32. d5 Bd7 33. axb7 Kh7 34. Qa5
Rb6 35. Rc7 Qd8 36. Qxa7 Rd6 37. Rc8 Rxb7 38. Qxb7 Qf6 39. R8c6 Ne5 40. Rxd6
Qxd6 41. Qc7 1-0

[Event "Madrid ch 2001-2002 Final"]
[Site "Madrid ESP"]
[Date "2002.04.23"]
[Round "8.2"]
[White "Roa Alonso, Santiago"]
[Black "Solaesa Navalpotro, Luis Julio"]
[Result "1/2-1/2"]
[WhiteElo "2415"]
[BlackElo "2176"]
[PlyCount "32"]
[EventDate "2002.04.15"]
[EventType "tourn"]
[EventRounds "11"]
[EventCountry "ESP"]
[Source "lmi"]
[SourceDate "2002.04.15"]

1. e4 e5 2. Nf3 Nc6 3. Bc4 Be7 4. d3 Nf6 5. Nbd2 O-O 6. Bb3 d6 7. c3 Nh5 8. Nf1
Be6 9. Ne3 Bxb3 10. axb3 a5 11. O-O Qd7 12. Nxe5 Nxe5 13. Qxh5 Nxd3 14. Nd5
Nxc1 15. Rfxc1 Bd8 16. b4 c6 1/2-1/2

[Event "Madrid ch 2001-2002 Final"]
[Site "Madrid ESP"]
[Date "2002.04.23"]
[Round "8.3"]
[White "Ballesteros Gonzalez, David"]
[Black "Lopez de Turiso, Jose Angel"]
[Result "1/2-1/2"]
[WhiteElo "2277"]
[BlackElo "2115"]
[PlyCount "121"]
[EventDate "2002.04.15"]
[EventType "tourn"]
[EventRounds "11"]
[EventCountry "ESP"]
[Source "lmi"]
[SourceDate "2002.04.15"]

1. e4 e5 2. Nf3 Nc6 3. Bb5 f5 4. exf5 e4 5. Qe2 Qe7 6. Bxc6 dxc6 7. Nd4 Qe5 8.
Ne6 Bxe6 9. fxe6 Bd6 10. Nc3 Nf6 11. d3 exd3 12. Qxe5 Bxe5 13. f4 Bd4 14. cxd3
Ke7 15. f5 g6 16. Ne2 Bb6 17. fxg6 hxg6 18. Bg5 Kxe6 19. O-O-O Nd5 20. Ng3 Raf8
21. Rde1+ Kd7 22. h4 Bf2 23. Ne4 Bxe1 24. Rxe1 b6 25. a3 Rf7 26. Nd2 Re8 27.
Ne4 Ref8 28. Kc2 Rf1 29. Re2 Nf4 30. Rd2 Ne6 31. Be3 c5 32. b4 Nd4+ 33. Kb2 Nf5
34. Bf2 cxb4 35. axb4 Nd6 36. g4 Rf4 37. h5 gxh5 38. gxh5 Ke7 39. Bg3 Rg4 40.
Bxd6+ cxd6 41. Re2 Kf8 42. Nxd6 Rxb4+ 43. Kc3 Rh4 44. Re8+ Kg7 45. Re7+ Kh6 46.
Rxa7 Rxh5 47. Ra6 Rc5+ 48. Nc4 Rb1 49. Kd4 Rc6 50. Kd5 Rg6 51. Ne5 Rb5+ 52. Ke4
Re6 53. d4 Ra5 54. Rxa5 bxa5 55. d5 Ra6 56. d6 a4 57. Nc4 Ra7 58. Kf5 Kg7 59.
Ke6 a3 60. Nxa3 Rxa3 61. d7 1/2-1/2

[Event "Madrid ch 2001-2002 Final"]
[Site "Madrid ESP"]
[Date "2002.04.23"]
[Round "8.4"]
[White "Barez Menendez, Hector"]
[Black "Estrada Martinez, Cesar"]
[Result "1/2-1/2"]
[WhiteElo "2198"]
[BlackElo "2186"]
[PlyCount "66"]
[EventDate "2002.04.15"]
[EventType "tourn"]
[EventRounds "11"]
[EventCountry "ESP"]
[Source "lmi"]
[SourceDate "2002.04.15"]

1. Nf3 d5 2. d4 Nf6 3. c4 c6 4. cxd5 cxd5 5. Nc3 Nc6 6. Bf4 e6 7. e3 a6 8. Bd3
Bd6 9. O-O O-O 10. Rc1 Re8 11. Na4 Ne4 12. Bxd6 Nxd6 13. Ne5 Nxe5 14. dxe5 Nf5
15. Qg4 Bd7 16. Nc5 Bb5 17. Bxb5 axb5 18. a3 b6 19. Nd3 Qd7 20. e4 dxe4 21.
Qxe4 Rac8 22. Rxc8 Rxc8 23. h3 h5 24. Qe2 Rc4 25. Ne1 f6 26. Nf3 Nd4 27. Nxd4
Rxd4 28. Rc1 Rd3 29. Qe4 Rd1+ 30. Rxd1 Qxd1+ 31. Kh2 Qd2 32. Qa8+ Kf7 33. Qf3
Qxb2 1/2-1/2

[Event "Madrid ch 2001-2002 Final"]
[Site "Madrid ESP"]
[Date "2002.04.23"]
[Round "8.5"]
[White "Cortes Jurado, Rafael"]
[Black "Moreno Ruiz, Javier"]
[Result "0-1"]
[WhiteElo "2142"]
[BlackElo "2415"]
[PlyCount "56"]
[EventDate "2002.04.15"]
[EventType "tourn"]
[EventRounds "11"]
[EventCountry "ESP"]
[Source "lmi"]
[SourceDate "2002.04.15"]

1. e4 e6 2. d4 d5 3. Nd2 Nf6 4. e5 Nfd7 5. Bd3 c5 6. c3 Nc6 7. Ne2 cxd4 8. cxd4
f6 9. exf6 Nxf6 10. Nf3 Qb6 11. O-O Bd6 12. b3 O-O 13. Bb2 Bd7 14. h3 Rae8 15.
Ne5 Re7 16. Ng3 Be8 17. Rc1 a5 18. a4 Kh8 19. Bb1 Rc7 20. Rc3 Nxe5 21. dxe5
Bxe5 22. Rxc7 Qxc7 23. Ba3 Bd6 24. Bb2 Bc5 25. Qc2 Bg6 26. Be5 Bxc2 27. Bxc7
Bxb3 28. Bxa5 Bxa4 0-1

[Event "Madrid ch 2001-2002 Final"]
[Site "Madrid ESP"]
[Date "2002.04.23"]
[Round "8.6"]
[White "Paredes Sanchez, Juan"]
[Black "Morales, John Alexander"]
[Result "1/2-1/2"]
[WhiteElo "2052"]
[BlackElo "2310"]
[PlyCount "77"]
[EventDate "2002.04.15"]
[EventType "tourn"]
[EventRounds "11"]
[EventCountry "ESP"]
[Source "lmi"]
[SourceDate "2002.04.15"]

1. e4 c5 2. Nf3 Nc6 3. Nc3 e6 4. d4 cxd4 5. Nxd4 Qc7 6. Be2 a6 7. O-O Nf6 8.
Be3 Bb4 9. Na4 Be7 10. Nxc6 bxc6 11. Nb6 Rb8 12. Nxc8 Qxc8 13. e5 Nd5 14. Bc1
Bc5 15. c4 Ne7 16. Kh1 Qc7 17. f4 O-O 18. b3 f6 19. exf6 Rxf6 20. Bb2 Rh6 21.
Bd3 Rf8 22. Qg4 Rf7 23. Rae1 Bd6 24. g3 Qa5 25. Bb1 Nf5 26. Bxf5 exf5 27. Re8+
Bf8 28. Qf3 Re7 29. Rxe7 Bxe7 30. Qc3 Qxc3 31. Bxc3 Re6 32. Re1 Rxe1+ 33. Bxe1
Kf7 34. Bf2 Ke6 35. Kg2 g6 36. Kf3 d5 37. Ke2 dxc4 38. bxc4 Kd6 39. Kd3 1/2-1/2

[Event "Madrid ch 2001-2002 Final"]
[Site "Madrid ESP"]
[Date "2002.04.24"]
[Round "9.1"]
[White "Morales, John Alexander"]
[Black "Rodriguez Cordon, Luis Jose"]
[Result "1-0"]
[WhiteElo "2310"]
[BlackElo "2165"]
[PlyCount "79"]
[EventDate "2002.04.15"]
[EventType "tourn"]
[EventRounds "11"]
[EventCountry "ESP"]
[Source "lmi"]
[SourceDate "2002.04.15"]

1. e4 c5 2. Nf3 Nc6 3. Bb5 g6 4. O-O Bg7 5. Re1 Nf6 6. e5 Ng4 7. Bxc6 dxc6 8.
h3 Nh6 9. d3 O-O 10. Bf4 b6 11. c3 e6 12. Bg5 Qd7 13. d4 cxd4 14. cxd4 Nf5 15.
Nc3 h6 16. Bf4 Rd8 17. Ne4 Kh7 18. Qe2 Bb7 19. Rad1 Qe7 20. g4 Nh4 21. Nxh4
Qxh4 22. Qf3 c5 23. Bg3 Qxh3 24. Qxf7 Bxe4 25. Rxe4 Rxd4 26. Rexd4 cxd4 27.
Qxe6 Rd8 28. Rc1 d3 29. Rc7 Rg8 30. Qd7 d2 31. Rc2 h5 32. Rxd2 h4 33. Rd3 hxg3
34. Rxg3 Qh4 35. g5 Rf8 36. Rh3 Qxh3 37. Qxh3+ Kg8 38. e6 Bd4 39. e7 Rxf2 40.
e8=Q+ 1-0

[Event "Madrid ch 2001-2002 Final"]
[Site "Madrid ESP"]
[Date "2002.04.24"]
[Round "9.2"]
[White "Moreno Ruiz, Javier"]
[Black "Paredes Sanchez, Juan"]
[Result "1-0"]
[WhiteElo "2415"]
[BlackElo "2052"]
[PlyCount "77"]
[EventDate "2002.04.15"]
[EventType "tourn"]
[EventRounds "11"]
[EventCountry "ESP"]
[Source "lmi"]
[SourceDate "2002.04.15"]

1. d4 Nf6 2. c4 g6 3. Nc3 Bg7 4. e4 d6 5. f3 O-O 6. Bg5 a6 7. Qd2 c5 8. d5 b5
9. cxb5 Qa5 10. a4 Nbd7 11. Ra3 Ne5 12. f4 Ned7 13. Nf3 Qb4 14. Bd3 axb5 15.
axb5 Rxa3 16. bxa3 Qxa3 17. O-O Bb7 18. h3 Ra8 19. e5 Nxd5 20. Nxd5 Bxd5 21.
Bxe7 c4 22. Be2 Qc5+ 23. Kh2 Qxb5 24. Bxd6 Bf8 25. Rd1 Nb6 26. Nd4 Qd7 27. Qb4
Bxd6 28. exd6 Nc8 29. Bf3 Bxf3 30. Nxf3 f6 31. Qxc4+ Kg7 32. Nd4 Ra4 33. Qxa4
Qxa4 34. Ne6+ Kf7 35. d7 Qxd7 36. Rxd7+ Kxe6 37. Rxh7 Kf5 38. Kg3 Nd6 39. Kf3
1-0

[Event "Madrid ch 2001-2002 Final"]
[Site "Madrid ESP"]
[Date "2002.04.24"]
[Round "9.3"]
[White "Estrada Martinez, Cesar"]
[Black "Cortes Jurado, Rafael"]
[Result "1-0"]
[WhiteElo "2186"]
[BlackElo "2142"]
[PlyCount "75"]
[EventDate "2002.04.15"]
[EventType "tourn"]
[EventRounds "11"]
[EventCountry "ESP"]
[Source "lmi"]
[SourceDate "2002.04.15"]

1. Nf3 c5 2. c4 g6 3. Nc3 Bg7 4. d4 cxd4 5. Nxd4 Nc6 6. Nc2 Nf6 7. e4 d6 8. Be2
O-O 9. O-O Be6 10. Bd2 Rc8 11. Rc1 Ne5 12. b3 a6 13. f4 Neg4 14. f5 Qb6+ 15.
Kh1 Nf2+ 16. Rxf2 Qxf2 17. fxe6 fxe6 18. Be3 Qh4 19. Qe1 Qxe1+ 20. Rxe1 b5 21.
Nd4 b4 22. Nd1 Nxe4 23. Nxe6 Rf6 24. Nxg7 Kxg7 25. Bf3 Nc5 26. Bxc5 Rxc5 27.
Rxe7+ Kf8 28. Re1 Ra5 29. Re2 d5 30. cxd5 Rxd5 31. Nf2 Rd4 32. h3 Rfd6 33. Ne4
Re6 34. Kg1 Rd1+ 35. Kf2 Ra1 36. Rc2 Re5 37. Nc5 Ke7 38. Nxa6 1-0

[Event "Madrid ch 2001-2002 Final"]
[Site "Madrid ESP"]
[Date "2002.04.24"]
[Round "9.4"]
[White "Lopez de Turiso, Jose Angel"]
[Black "Barez Menendez, Hector"]
[Result "1/2-1/2"]
[WhiteElo "2115"]
[BlackElo "2198"]
[PlyCount "70"]
[EventDate "2002.04.15"]
[EventType "tourn"]
[EventRounds "11"]
[EventCountry "ESP"]
[Source "lmi"]
[SourceDate "2002.04.15"]

1. d4 d5 2. c4 Nc6 3. e3 e5 4. cxd5 Qxd5 5. Nc3 Bb4 6. Bd2 Bxc3 7. bxc3 Nf6 8.
c4 Qd6 9. d5 Ne7 10. Nf3 O-O 11. Qb3 a5 12. Bc3 Ng6 13. Be2 Ne4 14. Bb2 Nc5 15.
Qc2 Bd7 16. h4 Rfe8 17. h5 Nf8 18. Kf1 Qf6 19. e4 Ba4 20. Qb1 Nfd7 21. Bc1 Ra6
22. Bg5 Qb6 23. Qxb6 Rxb6 24. Nd2 Bc2 25. f3 Rb2 26. Kf2 Na4 27. Bd1 Ndc5 28.
Ke3 h6 29. Bh4 f5 30. exf5 Bxf5 31. g4 Bd7 32. Bxa4 Bxa4 33. Rhb1 Rc2 34. Rc1
Rb2 35. Rcb1 Rc2 1/2-1/2

[Event "Madrid ch 2001-2002 Final"]
[Site "Madrid ESP"]
[Date "2002.04.24"]
[Round "9.5"]
[White "Solaesa Navalpotro, Luis Julio"]
[Black "Ballesteros Gonzalez, David"]
[Result "0-1"]
[WhiteElo "2176"]
[BlackElo "2277"]
[PlyCount "74"]
[EventDate "2002.04.15"]
[EventType "tourn"]
[EventRounds "11"]
[EventCountry "ESP"]
[Source "lmi"]
[SourceDate "2002.04.15"]

1. d4 g6 2. Nf3 Bg7 3. c4 d6 4. Nc3 c5 5. dxc5 Bxc3+ 6. bxc3 dxc5 7. Qb3 Nc6 8.
Be3 Qa5 9. g3 Nf6 10. Bg2 O-O 11. O-O Ng4 12. Bf4 e5 13. Bc1 Qc7 14. h3 Nf6 15.
Bh6 Re8 16. Nd2 Na5 17. Qc2 Bf5 18. Qa4 Bd7 19. Qc2 Bf5 20. Qa4 Rad8 21. Bg5
Rd6 22. Nb3 Nxb3 23. axb3 Ra6 24. Qb5 Rb6 25. Qa4 Nd7 26. g4 Bc2 27. Qxa7 e4
28. Qa5 Bxb3 29. Bh6 Bxc4 30. Rfd1 Rc6 31. Qxc7 Rxc7 32. Bf4 Ne5 33. Bxe4 Bxe2
34. Re1 Bc4 35. Bxb7 f6 36. Rab1 Rxb7 37. Rxb7 Nf3+ 0-1